Score 0/30 Timer 04:00
8 Plays Today
% Correct
Liquor
91.6%
Auto Manufacturers
91%
Canadian Provinces
89.7%
Birth Stones
89.2%
Muppets
88.1%
Great Cats
87.9%
Disciples of Jesus
87.3%
Great Lakes
87.3%
Magi Gifts
86.2%
Hawaiian Islands
86.1%
Colors
85.5%
Constellations
85%
Brady Children
83.8%
Volleyball actions
83.5%
Desserts
83%
% Correct
Fruit
81.4%
English Counties
80.1%
Hockey Penalties
77.1%
Deserts
76.3%
Sharks
74.8%
Turtles
72.1%
Countries
70.2%
Smurfs
68.2%
Dairy Cattle
66.7%
Seas
66.5%
Popes
64.6%
Atolls
62.1%
Hebrew Months
60.4%
Mice
59.2%
Beanie Babies
49.4%
Remove Ads.
Support Sporcle.
Get the best of Sporcle when you Go Orange. This ad-free experience offers more features, more stats, and more fun while also helping to support Sporcle. Thank you for becoming a member.

You're not logged in!

Compare scores with friends on all Sporcle quizzes.
OR
Log In

Show Comments

Extras

Top Quizzes Today


Score Distribution

Your Account Isn't Verified!

In order to create a playlist on Sporcle, you need to verify the email address you used during registration. Go to your Sporcle Settings to finish the process.

Report this User

Report this user for behavior that violates our Community Guidelines.

Details: